00579nam a2200205Ia 450000500170000000800460001703700110006304000080007404000080008204000080009004100080009804100080010608400080011410000620012224500750018426000090025930000100026865000130027870000820029120260430150117.0008 250103s9999 xx 000 0 eng d aTheses aCRL beng ceng 2eng aeng qCRL aThareja Rashi Au.; Panda Shiba C. Gu.; Ravinder Kumar Gu. 0aSuccessful women entrepreneurs in india: A study of factors anf traits c2021 a340p. aCommerce aUniversity of Delhi. Faculty of Commerce and Business. Department of Commerce